Fundamentals of behavioral statistics. (Record no. 849)

MARC details
000 -LEADER
fixed length control field 00626cam a2200217 a 4500
020 ## - INTERNATIONAL STANDARD BOOK NUMBER
ISBN 0070549850 (acidfree paper)
050 00 - CALL NUMBER
Classification number HA29
Item number .R85 1996
100 ## - AUTHOR
Personal name Runyon, Richard P.
245 00 - TITLE
Title Fundamentals of behavioral statistics.
250 ## - EDITION
Edition statement 8th ed. /
260 ## - PUBLICATION INFORMATION
Place of publication New York :
Name of publisher McGraw-Hill,
Year of publication c1996.
300 ## - DESCRIPTION
Number of Pages xxv, 721 p. :
Other physical details ill. (some col.) ;
Dimensions 24 cm.
500 ## - NOTES
General note includes bibliographic reference
650 #0 - SUBJECTS
Topical Term Social sciences
General subdivision Statistical methods.
650 #0 - SUBJECTS
Topical Term Statistics.
650 #2 - SUBJECTS
Topical Term Psychometrics.
650 #2 - SUBJECTS
Topical Term Statistics.
700 1# - OTHER AUTHORS
Personal name Haber, Audrey
700 1# - OTHER AUTHORS
Personal name Pittenger, David J.
942 ## - ADDED ENTRY ELEMENTS (KOHA)
Koha item type Books
Holdings
Withdrawn status Lost status Home library Current library Date acquired Full call number Accession Number Koha item type Shelving location Collection code
    Methodist University Library Main Methodist University Library Main 17/04/2019 HA29 .R85 1996 14486 Books General Stacks Reference
    Methodist University Library Tema Methodist University Library Tema 02/05/2001 HA29 .R85 19360 Books General Stacks  
    Methodist University Library Tema Methodist University Library Tema 02/05/2001 HA29 .R85 19362 Books General Stacks  
    Methodist University Library Tema Methodist University Library Tema 02/05/2001 HA29 .R85 19363 Books General Stacks  
    Methodist University Library Tema Methodist University Library Tema 02/05/2001 HA29 .R85 19364 Books General Stacks  
    Methodist University Library Tema Methodist University Library Tema 02/05/2001 HA29 .R85 19365 Books General Stacks  
    Methodist University Library Tema Methodist University Library Tema 02/05/2001 HA29 .R85 19366 Books General Stacks  
    Methodist University Library Tema Methodist University Library Tema 02/05/2001 HA29 .R85 19367 Books General Stacks  
    Methodist University Library Tema Methodist University Library Tema 02/05/2001 HA29 .R85 19370 Books General Stacks  
    Methodist University Library Tema Methodist University Library Tema 02/05/2001 HA29 .R85 19371 Books General Stacks  
    Methodist University Library Tema Methodist University Library Tema 02/05/2001 HA29 .R85 19372 Books General Stacks  
    Methodist University Library Tema Methodist University Library Tema 02/05/2001 HA29 .R85 19368 Books General Stacks  
    Methodist University Library Tema Methodist University Library Tema 02/05/2001 HA29 .R85 19380 Books General Stacks  
    Methodist University Library Tema Methodist University Library Tema 02/05/2001 HA29 .R85 19369 Books General Stacks  
    Methodist University Library Wenchi Faculty Methodist University Library Wenchi Faculty 14/11/2017 HA29 .R85 1996 21490 Books    
    Methodist University Library Wenchi Faculty Methodist University Library Wenchi Faculty 14/11/2017 HA29 .R85 1996 21491 Books    
    Methodist University Library Wenchi Faculty Methodist University Library Wenchi Faculty 14/11/2017 HA29 .R85 1996 21492 Books    
    Methodist University Library Wenchi Faculty Methodist University Library Wenchi Faculty 14/11/2017 HA29 .R85 1996 21493 Books    
    Methodist University Library Wenchi Faculty Methodist University Library Wenchi Faculty 14/11/2017 HA29 .R85 1996 21494 Books    
    Methodist University Library Wenchi Faculty Methodist University Library Wenchi Faculty 14/11/2017 HA29 .R85 1996 21495 Books    
    Methodist University Library Wenchi Faculty Methodist University Library Wenchi Faculty 14/11/2017 HA29 .R85 1996 21496 Books    
    Methodist University Library Wenchi Faculty Methodist University Library Wenchi Faculty 14/11/2017 HA29 .R85 1996 21489 Books    
    Methodist University Library Wenchi Faculty Methodist University Library Wenchi Faculty 17/04/2019 HA29 .R85 1996 14380 Books    
    Methodist University Library Wenchi Faculty Methodist University Library Wenchi Faculty 17/04/2019 HA29 .R85 1996 14385 Books    
    Methodist University Library Wenchi Faculty Methodist University Library Wenchi Faculty 17/04/2019 HA29 .R85 1996 14384 Books    
    Methodist University Library Wenchi Faculty Methodist University Library Wenchi Faculty 17/04/2019 HA29 .R85 1996 14382 Books    
Copyright © 2026  MUG Library